| 000 | 00502nam a22001817a 4500 | ||
|---|---|---|---|
| 003 | OSt | ||
| 005 | 20180116183050.0 | ||
| 008 | 160809b xxu||||| |||| 00| 0 eng d | ||
| 020 | _a9780761959755 | ||
| 040 | _c0 | ||
| 082 | _a300.72 HAR 1998 | ||
| 100 | _aChris Hart | ||
| 245 |
_aDoing a Literature Review : _bReleasing the social science research imagination _cChris Hart |
||
| 260 |
_aNew Delhi _bSAGE _c1998 |
||
| 300 |
_a230 p. _bHB |
||
| 440 | _aDoing a Literature Review : | ||
| 942 |
_2ddc _cBK |
||
| 999 |
_c351588 _d351588 |
||